Normal view MARC view
  • Administration

Entry Geographic Name

Number of records used in: 1

001 - CONTROL NUMBER

  • control field: 217318

003 - CONTROL NUMBER IDENTIFIER

  • control field: OSt

005 - DATE AND TIME OF LATEST TRANSACTION

  • control field: 20260327121250.0

008 - FIXED-LENGTH DATA ELEMENTS

  • fixed length control field: 260327|| aca||aabn | a|a d

040 ## - CATALOGING SOURCE

  • Original cataloging agency: OSt
  • Transcribing agency: OSt

151 ## - HEADING--GEOGRAPHIC NAME

  • Geographic name: Administration

670 ## - SOURCE DATA FOUND

  • Source citation: Work cat.: (OSt)370733: Vati, Jogindra 217316, One Stop Resource for All Your Exam Needs in Nursing Management Leadership, 2026